000 00533nam a2200217 i 4500
001 C2-0254121
003 PPAK
005 20180727221645.0
008 040425s my |||| ||||| | eng d
040 _aPPAK
_beng
_cPPAK
_erda
082 0 4 _a305.4
_223
090 0 0 _a305.4
_bWAN
_dR
245 0 0 _aWanita
264 1 _aKuala Lumpur :
_cMei-Ogos 2000
300 _avarious pages
336 _2rdacontent
_atext
337 _2rdamedia
_aunmediated
338 _2rdacarrier
_avolume
650 1 0 _aWomen - Periodicals
942 _ddc
_cB
999 _c66887
_d66887